[Event "Offene Hessische Senioren Einzelmeisters"]
[Site "Bad Sooden- Allendorf"]
[Date "2013.04.26"]
[Round "7.91"]
[White "Minarsch, Hans"]
[Black "Freerksen, Uwe"]
[Result "1-0"]
[WhiteElo "1512"]
[BlackElo "1259"]
[PlyCount "81"]
[EventDate "2013.??.??"]
[WhiteTeam "1.Hainstädter SC 1950"]
[BlackTeam "SK Königsspringer Emden"]

1. e4 e5 2. Nf3 Nc6 3. d4 exd4 4. Bc4 Be7 5. Nxd4 Nf6 6. Nc3 O-O 7. O-O d6 8.
Nxc6 bxc6 9. f3 Rb8 10. Rb1 Bb7 11. Be3 a6 12. Qe2 c5 13. Rfd1 Qe8 14. Bxa6 Qc6
15. Bb5 Qb6 16. b4 c6 17. bxc5 dxc5 18. Bc4 Qc7 19. Qf2 Qa5 20. Bd2 Qc7 21. Na4
Nd7 22. g3 Ne5 23. Be2 c4 24. f4 Ng6 25. Bxc4 c5 26. Nc3 Bc8 27. Nd5 Rxb1 28.
Nxe7+ Qxe7 29. Rxb1 Qxe4 30. Bd3 Qd5 31. Re1 Qxa2 32. Qxc5 Qa8 33. Bc3 Bh3 34.
Bf1 Bg4 35. Qd4 f6 36. h3 Bf5 37. Bg2 Qb8 38. Qd5+ Kh8 39. Qxf5 Re8 40. Rxe8+
Qxe8 41. Qe4 1-0

[Event "Offene Hessische Senioren Einzelmeisters"]
[Site "Bad Sooden- Allendorf"]
[Date "2013.04.26"]
[Round "7.92"]
[White "Marinoni, Rainer"]
[Black "Schneider, Hans"]
[Result "0-1"]
[WhiteElo "1146"]
[BlackElo "1491"]
[PlyCount "43"]
[EventDate "2013.??.??"]
[WhiteTeam "SC Eschwege"]
[BlackTeam "SV Schwarz-Weiß Oberha"]

1. e4 c5 2. Nc3 e6 3. f4 Nc6 4. Bb5 a6 5. Bxc6 bxc6 6. Nf3 g6 7. O-O Bg7 8. Qe1
Ne7 9. Kh1 O-O 10. Na4 Qa5 11. Nc3 d5 12. d3 d4 13. Nd5 Qd8 14. c4 cxd5 15. Qh4
Nc6 16. Qf2 dxc4 17. dxc4 Rb8 18. Ne1 Qb6 19. g4 Bb7 20. Kg2 Nb4 21. a3 Bxe4+
22. Kg3 0-1

[Event "Offene Hessische Senioren Einzelmeisters"]
[Site "Bad Sooden- Allendorf"]
[Date "2013.04.26"]
[Round "7.93"]
[White "Grüneschild, Hildegard"]
[Black "Lübbecke, Gerd"]
[Result "0-1"]
[WhiteElo "1274"]
[BlackElo "1478"]
[PlyCount "92"]
[EventDate "2013.??.??"]
[WhiteTeam "Schach-Union München e.V."]
[BlackTeam "SC Friedrichsthal"]

1. c4 Nf6 2. Nc3 e6 3. g3 d5 4. e3 a6 5. Nf3 dxc4 6. Bxc4 b5 7. Be2 Bb7 8. O-O
Be7 9. d4 O-O 10. a3 c5 11. dxc5 Bxc5 12. b4 Bb6 13. Bb2 Qe7 14. Qc2 Nbd7 15.
Rfd1 Rac8 16. Qd3 Rfd8 17. Qb1 Nd5 18. Nxd5 Bxd5 19. Nd2 Qg5 20. e4 Bb7 21. Nb3
Nf6 22. Rxd8+ Rxd8 23. Bf3 Ng4 24. Nc5 Bxc5 25. bxc5 Qxc5 26. Bxg4 Rd2 27. Qe1
Rxb2 28. Bf3 f5 29. Bg2 fxe4 30. Qe3 Qxe3 31. fxe3 Kf8 32. Rd1 Re2 33. Rd8+ Ke7
34. Rg8 Kf7 35. Rb8 Bd5 36. Rb6 Rxe3 37. Rxa6 Rb3 38. Ra7+ Kf6 39. Bf1 Rb1 40.
Kf2 e3+ 41. Kg1 Bc4 42. Kg2 Bxf1+ 43. Kf3 e2 44. a4 e1=Q 45. axb5 Rb3+ 46. Kg4
Qe4+ 0-1

[Event "Offene Hessische Senioren Einzelmeisters"]
[Site "Bad Sooden- Allendorf"]
[Date "2013.04.26"]
[Round "7.94"]
[White "Kynast, Reinhard"]
[Black "Köllmer, Hans"]
[Result "0-1"]
[WhiteElo "1574"]
[BlackElo "1305"]
[PlyCount "74"]
[EventDate "2013.??.??"]
[WhiteTeam "Herforder SV Königsspr"]
[BlackTeam "Sfr.Heidesheim"]

1. c4 e6 2. Nc3 d5 3. d4 Nf6 4. e3 b6 5. Nf3 Bb7 6. Be2 dxc4 7. Bxc4 Nbd7 8.
O-O Be7 9. Bd2 c5 10. Re1 O-O 11. h3 Rc8 12. Qe2 Qc7 13. Bb3 Qb8 14. Red1 Rfd8
15. Bc2 Qa8 16. e4 cxd4 17. Nxd4 Ne5 18. Bg5 h6 19. Bh4 Ng6 20. Bg3 Nh7 21.
Ndb5 Rxd1+ 22. Rxd1 Ba6 23. Rd7 Rd8 24. Rxa7 Qxa7 25. Bc7 Rd7 26. Qe3 Qb7 27.
Bxb6 Ne5 28. b3 Bd8 29. Bd4 Nc6 30. a4 Nxd4 31. Nxd4 Bb6 32. Bd3 Bxd4 33. Bxa6
Qxa6 34. Qe1 Qa5 35. Qe2 Qxc3 36. Qa2 Qb2 37. Qxb2 Bxb2 0-1

[Event "Offene Hessische Senioren Einzelmeisters"]
[Site "Bad Sooden- Allendorf"]
[Date "2013.04.26"]
[Round "7.95"]
[White "Paulin, Dieter"]
[Black "Semisch, Helga"]
[Result "1-0"]
[WhiteElo "1566"]
[BlackElo "1256"]
[Annotator ",Microsoft"]
[PlyCount "109"]
[EventDate "2013.??.??"]
[WhiteTeam "SK Dingelstädt 1921"]
[BlackTeam "SV Schmalkalden 04"]

1. d4 d5 2. c4 c6 3. Nc3 Nf6 4. e3 g6 5. Nf3 Bg7 6. Bd3 O-O 7. O-O e6 8. b4
Nbd7 9. Rb1 h6 10. a4 Kh7 11. Qc2 Qc7 12. g3 e5 13. cxd5 exd4 14. Nb5 Qb6 15.
dxc6 bxc6 16. Nbxd4 Bb7 17. a5 Qc7 18. Bd2 a6 19. Nh4 Ne5 20. Rbc1 Nxd3 21.
Qxd3 Rad8 22. Qc2 Rc8 23. Nb3 Qd6 24. Nc5 Ba8 25. e4 Ng4 26. Bf4 Qd4 27. Bd2
Qe5 28. Nf3 Qh5 29. Kg2 f5 30. exf5 Rxf5 31. Nh4 Rf7 32. h3 Ne5 33. Bc3 Bf6 34.
Bxe5 Bxh4 35. f4 Be7 36. Qf2 Qf5 $11 37. g4 Bxc5 38. gxf5 Bxf2 39. fxg6+ Kxg6
40. Kxf2 Kf5 41. Ke3 Rd7 42. Rc5 Rcd8 43. Bc7+ Ke6 44. Bxd8 Rxd8 45. Rfc1 Kd6
46. Rd1+ Kc7 47. Rxd8 Kxd8 48. f5 Ke7 49. Kf4 Kf6 50. h4 h5 51. Re5 Bb7 52.
Re6+ Kf7 53. Kg5 c5 54. bxc5 Bd5 55. Rxa6 1-0

[Event "Offene Hessische Senioren Einzelmeisters"]
[Site "Bad Sooden- Allendorf"]
[Date "2013.04.26"]
[Round "7.96"]
[White "Fuhlrott, Heinz"]
[Black "Rollwitz, Inge"]
[Result "1-0"]
[WhiteElo "1489"]
[BlackElo "1231"]
[PlyCount "70"]
[EventDate "2013.??.??"]
[WhiteTeam "MTV Fichte Winsen"]
[BlackTeam "SG Wedding e.V."]

1. d4 d6 2. Nf3 Nf6 3. Bg5 e6 4. e4 Be7 5. Bd3 h6 6. Bh4 g5 7. Bg3 Nh5 8. c3
Nxg3 9. hxg3 c6 10. Na3 Bf6 11. Nc2 Bg7 12. Qe2 e5 13. dxe5 dxe5 14. O-O-O Be6
15. Na3 Nd7 16. Bc4 Qe7 17. Nd2 O-O-O 18. Qe3 Kb8 19. Bxe6 Qxe6 20. Ndc4 Bf8
21. Kb1 Bxa3 22. Nxa3 Nb6 23. Qc5 f6 24. Rxd8+ Rxd8 25. Rxh6 Rd6 26. Rh8+ Nc8
27. Nb5 Rd1+ 28. Kc2 b6 29. Qa3 Qd7 30. Qxa7+ Qxa7 31. Nxa7 Kb7 32. Rh7+ Kb8
33. Nxc6+ Ka8 34. Kxd1 b5 35. Kc2 g4 1-0

[Event "Offene Hessische Senioren Einzelmeisters"]
[Site "Bad Sooden- Allendorf"]
[Date "2013.04.26"]
[Round "7.98"]
[White "Bartl, Birgit"]
[Black "Wauer, Klaus"]
[Result "0-1"]
[WhiteElo "1153"]
[BlackElo "1399"]
[Annotator ",Microsoft"]
[PlyCount "25"]
[EventDate "2013.??.??"]
[WhiteTeam "USV Erfurt Abteilung Schach"]
[BlackTeam "SC 51 Nordhausen"]

1. d4 d5 2. Nf3 c6 3. e3 Nf6 4. c3 Bf5 5. Bd3 Bxd3 6. Qxd3 Nbd7 7. O-O Qc7 8.
h3 e5 9. Re1 e4 10. Qe2 exf3 11. Qxf3 Bd6 12. Nd2 O-O {rest nicht
rekonstruierbar} 13. Ne4 0-1

[Event "Offene Hessische Senioren Einzelmeisters"]
[Site "Bad Sooden- Allendorf"]
[Date "2013.04.26"]
[Round "7.99"]
[White "Maczollek, Helmut"]
[Black "Nols, Uwe"]
[Result "1-0"]
[WhiteElo "1353"]
[BlackElo "1171"]
[PlyCount "95"]
[EventDate "2013.??.??"]
[WhiteTeam "SK Turm Lage 1926"]
[BlackTeam "Itzehoer SV von 1923"]

1. d4 d5 2. Nf3 Nf6 3. e3 Nc6 4. c3 Bf5 5. Bb5 a6 6. Ba4 b5 7. Bb3 Na5 8. O-O
c6 9. a3 e6 10. Nbd2 Be7 11. Bc2 Nb7 12. Re1 Nd6 13. Ne5 Qc7 14. Ndf3 Nfe4 15.
Bd2 f6 16. Nd3 Bg6 17. Nf4 Qd7 18. Bc1 e5 19. dxe5 fxe5 20. Nxe5 Qf5 21. Nxc6
Bh4 22. g3 Qd7 23. Ne5 Qf5 24. Qxd5 Rd8 25. Qe6+ Be7 26. f3 Qg5 27. Nexg6 Nxg3
28. hxg3 Qxg3+ 29. Ng2 hxg6 30. Qxg6+ Qxg6 31. Bxg6+ Kf8 32. b3 Rh6 33. Bb2
Rxg6 34. Rad1 Bh4 35. Re2 Nf5 36. Rxd8+ Bxd8 37. Kf2 Ng3 38. Rd2 Bb6 39. Nf4
Nh1+ 40. Ke2 Ng3+ 41. Kd1 Rh6 42. Nd5 Nf1 43. Re2 Rd6 44. Ke1 Ng3 45. Rd2 Ba7
46. c4 bxc4 47. bxc4 Nf5 48. e4 1-0

[Event "Offene Hessische Senioren Einzelmeisters"]
[Site "Bad Sooden- Allendorf"]
[Date "2013.04.26"]
[Round "7.100"]
[White "Kage, August"]
[Black "Zoll, Theo"]
[Result "1-0"]
[WhiteElo "1346"]
[BlackElo "1582"]
[PlyCount "97"]
[EventDate "2013.??.??"]
[WhiteTeam "ESV Rot-Weiß Göttingen"]
[BlackTeam "ESV Rot-Weiß Göttingen"]

1. d4 Nf6 2. c4 e6 3. Nc3 d5 4. e3 c5 5. cxd5 Nxd5 6. Nf3 a6 7. Be2 Nxc3 8.
bxc3 b5 9. O-O c4 10. Bd2 Bb7 11. a4 Nd7 12. Qb1 Bc6 13. axb5 Bxb5 14. e4 Be7
15. e5 O-O 16. Qe4 Nb6 17. Qg4 Kh8 18. h4 Nd5 19. g3 Rg8 20. Nh2 g5 21. h5 h6
22. Bf3 Qc8 23. Qe4 Ra7 24. Ng4 f5 25. exf6 Nxf6 26. Qe5 Qf8 27. Rfe1 Qg7 28.
Nxf6 Bxf6 29. Qxe6 Re7 30. Qd5 Rxe1+ 31. Rxe1 Rb8 32. Bg4 a5 33. Bf5 Qf8 34.
Bg6 a4 35. Qf7 Qxf7 36. Bxf7 a3 37. Ra1 Be7 38. Bc1 Rb6 39. Bg6 Kg7 40. Ra2 Bc6
41. Re2 Kf6 42. Kh2 Rb3 43. Re5 Bd7 44. Ra5 Rxc3 45. Ra6+ Kg7 46. Be3 Bg4 47.
d5 Bf3 48. Bd4+ Bf6 49. Bxf6+ 1-0

[Event "Offene Hessische Senioren Einzelmeisters"]
[Site "Bad Sooden- Allendorf"]
[Date "2013.04.26"]
[Round "7.101"]
[White "Richter, Stefan"]
[Black "Helm, Irmgard"]
[Result "1-0"]
[WhiteElo "1556"]
[BlackElo "1340"]
[PlyCount "137"]
[EventDate "2013.??.??"]
[WhiteTeam "SV Empor West Zwickau"]
[BlackTeam "TSG Oberschöneweide e.V."]

1. e4 c5 2. Nc3 Nc6 3. a3 Nf6 4. Nf3 d6 5. h3 e6 6. d3 Be7 7. Be2 O-O 8. Nh2 a6
9. Ng4 Nd7 10. Be3 h5 11. Nh2 g6 12. Bxh5 gxh5 13. Qxh5 Bf6 14. Ng4 Bg7 15. Bh6
Nf6 16. Qg5 Ne8 17. Qe3 Nd4 18. Kd2 f5 19. Bxg7 f4 20. Qe1 Kxg7 21. Ne2 Qg5 22.
Nxd4 cxd4 23. f3 e5 24. Rh2 Qd8 25. Ke2 Bd7 26. g3 Rc8 27. Rc1 Qb6 28. b3 Rc3
29. gxf4 exf4 30. Qh4 d5 31. Rg2 Kf7 32. Ne5+ Ke6 33. Ng6 Rf6 34. Nxf4+ Rxf4
35. Qxf4 Rc6 36. exd5+ Kxd5 37. Rg5+ Ke6 38. Kf2 Ke7 39. Re1+ Kd8 40. Re2 Qc7
41. Qh4 Kc8 42. Rg8 Rxc2 43. Qe4 Rxe2+ 44. Qxe2 Qh2+ 45. Ke1 Qxe2+ 46. Kxe2 Kd8
47. f4 Be6 48. b4 Bxh3 49. Kf3 Ke7 50. Rh8 Bf5 51. Ke2 b5 52. Rh6 Nf6 53. Rh8
Nd5 54. Rh4 Nc3+ 55. Kd2 Nb1+ 56. Ke2 Nxa3 57. Rh6 Bg4+ 58. Kf2 Bc8 59. Rc6 Kd7
60. Rc5 Bb7 61. Kg3 Kd6 62. Kg4 a5 63. Rh5 axb4 64. f5 Bd5 65. f6 b3 66. Rxd5+
Kxd5 67. f7 b2 68. f8=Q b1=Q 69. Qxa3 1-0

[Event "Offene Hessische Senioren Einzelmeisters"]
[Site "Bad Sooden- Allendorf"]
[Date "2013.04.26"]
[Round "7.102"]
[White "Wernitz, Armin"]
[Black "Krüger, Bernhard"]
[Result "0-1"]
[WhiteElo "1235"]
[BlackElo "1537"]
[PlyCount "88"]
[EventDate "2013.??.??"]
[WhiteTeam "PostSV Brandenburg e.V."]
[BlackTeam "SC Grunbach"]

1. d4 Nf6 2. c4 e6 3. Nc3 Bb4 4. Bd2 O-O 5. Qc2 Nc6 6. e3 d5 7. c5 Bxc3 8. Bxc3
Ne4 9. Bd3 f5 10. Nf3 Bd7 11. O-O Be8 12. Be1 Bh5 13. Nd2 Nb4 14. Qb1 Nxd3 15.
Qxd3 Qg5 16. f3 Nf6 17. Bg3 Ne8 18. Qe2 Qg6 19. Qf2 Qf7 20. Be5 Bg6 21. f4 Nf6
22. h3 Qd7 23. b4 a5 24. a3 a4 25. Bxf6 gxf6 26. Nb1 Qe7 27. Nc3 Be8 28. Qe2
Kh8 29. Rab1 Rg8 30. b5 Qg7 31. Rf2 Qg3 32. Kh1 Bh5 33. Qf1 Qxe3 34. Ne2 Qxa3
35. Qe1 Qe3 36. Rc1 a3 37. Rc3 Qe4 38. Qd2 a2 39. Rc1 a1=Q 40. Rxa1 Rxa1+ 41.
Kh2 Qb1 42. Nc1 Qxc1 43. Qxc1 Rxc1 44. g3 Ra8 0-1

[Event "Offene Hessische Senioren Einzelmeisters"]
[Site "Bad Sooden- Allendorf"]
[Date "2013.04.26"]
[Round "7.103"]
[White "Neumann, Dr. Peter"]
[Black "Geibel, Henning"]
[Result "0-1"]
[WhiteElo "1478"]
[BlackElo "1237"]
[Annotator ",Microsoft"]
[PlyCount "114"]
[EventDate "2013.??.??"]
[WhiteTeam "SF Ostsee Warnemünde"]
[BlackTeam "SV Bargteheide"]

1. d4 d5 2. c4 e6 3. Nc3 Be7 4. Nf3 Nf6 5. Bf4 a6 6. h3 O-O 7. e3 Bb4 8. Qb3 a5
9. a3 Bd6 10. Bxd6 Qxd6 11. Bd3 b6 12. O-O Ba6 13. Rfd1 Nbd7 14. Nb5 dxc4 15.
Bxc4 Bxb5 16. Bxb5 Qd5 $11 17. Bc4 Qd6 18. Rac1 a4 19. Qd3 Qe7 20. Ba2 c5 21.
Re1 cxd4 22. exd4 Rac8 23. Rxc8 Rxc8 24. Ne5 Nxe5 25. dxe5 Rd8 26. Qb5 Nd5 27.
Qxa4 Qg5 28. Qc2 Nf4 29. Qe4 Nxh3+ 30. Kf1 Nf4 31. g3 Nd3 32. Rd1 Nxb2 33.
Rxd8+ Qxd8 34. Qc2 Qd1+ 35. Qxd1 Nxd1 36. Kg2 Nc3 37. Bb3 Nb5 38. a4 Nd4 39.
Bd1 g5 40. Bf3 Kg7 41. Be4 f5 42. exf6+ Kxf6 43. Bxh7 e5 44. Be4 Ke6 45. Kf1
Kd6 46. Ke1 Kc5 47. Kd2 Kb4 48. Bc2 Nxc2 49. Kxc2 Kxa4 50. Kc3 b5 51. f3 b4+
52. Kb2 b3 53. Kb1 Kb4 54. Kb2 Kc4 55. Kb1 Kc3 56. Kc1 b2+ 57. Kb1 Kd3 0-1

[Event "Offene Hessische Senioren Einzelmeisters"]
[Site "Bad Sooden- Allendorf"]
[Date "2013.04.26"]
[Round "7.104"]
[White "Winkler, Werner"]
[Black "Wiebke, Elfriede"]
[Result "1-0"]
[WhiteElo "1351"]
[BlackElo "1031"]
[PlyCount "115"]
[EventDate "2013.??.??"]
[WhiteTeam "SK Bad Sooden-Allendorf"]
[BlackTeam "Verein Segeberger SF"]

1. e4 e5 2. Bc4 Nf6 3. d3 h6 4. a3 Bc5 5. h3 O-O 6. Nf3 d6 7. Nc3 a6 8. O-O Nc6
9. b4 Bd4 10. Bb2 b5 11. Ba2 Bxc3 12. Bxc3 d5 13. Bxe5 Nxe5 14. Nxe5 Be6 15.
Qe2 dxe4 16. dxe4 Bxa2 17. Rxa2 Qd6 18. Nd3 Qe6 19. c3 Nxe4 20. Rc2 Rfe8 21.
Qe3 Qb3 22. Rcc1 Qc4 23. Qf3 Ng5 24. Qg3 Re6 25. Nc5 Re7 26. Rfd1 Rae8 27. Rd2
Re1+ 28. Rxe1 Rxe1+ 29. Kh2 Ne6 30. Qf3 Nxc5 31. bxc5 Re8 32. c6 Qe6 33. Rd7
Qe5+ 34. g3 Re7 35. Qf4 Qc5 36. Rd8+ Kh7 37. Qf3 Qxa3 38. Rd7 Rxd7 39. Qf5+ Kg8
40. Qxd7 Qxc3 41. Qxc7 Qf3 42. Qb6 h5 43. c7 Kh7 44. c8=Q h4 45. Qg4 hxg3+ 46.
Qxg3 Qxg3+ 47. fxg3 f5 48. Qxa6 b4 49. Qb5 Kh6 50. Qxf5 b3 51. Qe6+ g6 52. Qxb3
g5 53. Qe6+ Kg7 54. g4 Kh7 55. Qf6 Kg8 56. Qxg5+ Kf7 57. Qf5+ Ke7 58. g5 1-0

[Event "Offene Hessische Senioren Einzelmeisters"]
[Site "Bad Sooden- Allendorf"]
[Date "2013.04.26"]
[Round "7.105"]
[White "Stuiber, Ingeborg"]
[Black "Girod, Gudrun"]
[Result "1/2-1/2"]
[WhiteElo "977"]
[BlackElo "1349"]
[PlyCount "36"]
[EventDate "2013.??.??"]
[WhiteTeam "SK Turm Euskirchen 65"]
[BlackTeam "Hannover 96 Schach"]

1. d4 d5 2. e3 e6 3. f4 Nf6 4. Bd3 c5 5. c3 cxd4 6. exd4 Nc6 7. Nf3 h6 8. O-O
Be7 9. Ne5 O-O 10. a4 Nxe5 11. fxe5 Ne4 12. Nd2 f5 13. Qe2 Bd7 14. Nxe4 fxe4
15. Bc2 Qc7 16. Bd2 Rxf1+ 17. Rxf1 Rf8 18. Rxf8+ Kxf8 1/2-1/2

[Event "Offene Hessische Senioren Einzelmeisters"]
[Site "Bad Sooden- Allendorf"]
[Date "2013.04.27"]
[Round "8.1"]
[White "Piankov, Evgenij"]
[Black "Ljubarskij, Juri"]
[Result "1-0"]
[WhiteElo "2259"]
[BlackElo "2174"]
[PlyCount "103"]
[EventDate "2013.??.??"]
[BlackTeam "Hannover 96 Schach"]

1. d4 Nf6 2. Nf3 e6 3. c4 d5 4. Nc3 c6 5. cxd5 exd5 6. Bg5 Be7 7. e3 Bf5 8. Bd3
Bxd3 9. Qxd3 O-O 10. O-O Nbd7 11. Rab1 a5 12. Rfc1 Ne4 13. Bxe7 Qxe7 14. Na4
Rfe8 15. Qb3 Qb4 16. Qc2 Re6 17. Nc5 Nexc5 18. a3 Qb3 19. dxc5 Qxc2 20. Rxc2 a4
21. Nd4 Re5 22. b4 axb3 23. Rxb3 Ra7 24. Rcb2 Re8 25. Rxb7 Rxb7 26. Rxb7 Nxc5
27. Rb6 Ne6 28. Nxc6 Kf8 29. Kf1 Ra8 30. a4 Ke8 31. a5 Nc7 32. Ke2 f6 33. Kd3
Kd7 34. a6 Re8 35. Nb4 Re6 36. Rxe6 Kxe6 37. a7 Kd6 38. g4 g6 39. Na6 Na8 40.
Kd4 f5 41. g5 Kc6 42. Nb4+ Kb6 43. Nxd5+ Kxa7 44. Ke5 Kb7 45. Kd6 Kc8 46. f3
Kd8 47. e4 fxe4 48. fxe4 Ke8 49. e5 Kf7 50. e6+ Kg7 51. e7 Kf7 52. Kd7 1-0

[Event "Offene Hessische Senioren Einzelmeisters"]
[Site "Bad Sooden- Allendorf"]
[Date "2013.04.27"]
[Round "8.2"]
[White "Baum, Bernd"]
[Black "Schumacher, Gottfried"]
[Result "1-0"]
[WhiteElo "2232"]
[BlackElo "2100"]
[PlyCount "75"]
[EventDate "2013.??.??"]
[WhiteTeam "SV Empor Erfurt"]
[BlackTeam "HTC Bad Neuenahr"]

1. e4 c5 2. Nc3 Nc6 3. g3 g6 4. Bg2 Bg7 5. d3 Nf6 6. f4 d6 7. Nf3 Bg4 8. h3 Bd7
9. Be3 b5 10. e5 Nh5 11. g4 Ng3 12. Rg1 b4 13. Na4 h5 14. Bf2 hxg4 15. hxg4
dxe5 16. Bxg3 exf4 17. Bxf4 Nd4 18. c3 bxc3 19. Nxc3 Bxg4 20. Rc1 e5 21. Be3
Rh2 22. Bxd4 exd4 23. Ne4 Kf8 24. Kf1 Bh6 25. Rc2 Be3 26. Rh1 Rxh1+ 27. Bxh1
Qd7 28. Rh2 Ke7 29. Qe1 Bh3+ 30. Ke2 Rh8 31. Qg3 Rh5 32. Bg2 Bxg2 33. Rxg2 Qc6
34. Ne5 Qe6 35. Nc4 Bh6 36. Qc7+ Ke8 37. Ncd6+ Kf8 38. Qd8+ 1-0

[Event "Offene Hessische Senioren Einzelmeisters"]
[Site "Bad Sooden- Allendorf"]
[Date "2013.04.27"]
[Round "8.3"]
[White "Ackermann, Hans Werner"]
[Black "Vogel, Jaap"]
[Result "1-0"]
[WhiteElo "2175"]
[BlackElo "2193"]
[Annotator ",Microsoft"]
[PlyCount "98"]
[EventDate "2013.??.??"]
[WhiteTeam "SC Hansa Dortmund e.V."]

1. b3 d5 2. Bb2 e6 3. e3 Nf6 4. f4 c5 5. Nf3 Nc6 6. Bb5 Be7 7. O-O Qb6 8. a4 a6
9. a5 Qc7 10. Bxc6+ Qxc6 11. Ne5 Qc7 12. d3 Bd7 13. Nd2 Rd8 14. Nxd7 Qxd7 15.
Rf3 Qc7 16. Be5 Bd6 17. Bxf6 gxf6 18. Qf1 f5 19. Ra4 Be7 20. Qa1 Rg8 21. Nf1 h5
22. Rg3 Rxg3 23. hxg3 d4 24. Qe1 dxe3 25. Nxe3 Rd4 26. Rxd4 cxd4 27. Nc4 h4 28.
Qf2 hxg3 29. Qxg3 Kf8 30. Qh3 Bf6 31. Kf1 Kg8 32. Qf3 Kf8 33. Ke1 Ke8 34. g3
Kf8 35. Kd1 Ke7 36. Kc1 Kf8 37. Kb1 Be7 38. Qh1 Bf6 39. Ka2 Ke7 40. b4 Kf8 41.
Kb3 Ke7 42. Qf3 Kf8 43. Qg2 Be7 44. Qg1 Bf6 45. Qh1 Kg8 46. Qh6 Qd8 47. Qh1 Qc7
48. Qf3 Kf8 49. Qg2 Ke7 {Rest nicht rekonstruierbar/unleserlich} 1-0

[Event "Offene Hessische Senioren Einzelmeisters"]
[Site "Bad Sooden- Allendorf"]
[Date "2013.04.27"]
[Round "8.4"]
[White "van den Berg, Ad"]
[Black "Bieberle, Gerhart"]
[Result "1-0"]
[WhiteElo "2188"]
[BlackElo "1733"]
[PlyCount "135"]
[EventDate "2013.??.??"]
[WhiteTeam "Aas Aalsmeer"]
[BlackTeam "Post-Telekom SV 1925 Aachen e.V."]

1. Nf3 c5 2. e4 e6 3. b3 d5 4. exd5 exd5 5. d4 b6 6. Bb2 Nf6 7. Ne5 Be7 8. Bb5+
Bd7 9. Nxd7 Nbxd7 10. dxc5 Bxc5 11. Qe2+ Qe7 12. Bxf6 gxf6 13. Qxe7+ Bxe7 14.
O-O a6 15. Bd3 O-O 16. Nd2 Ne5 17. Bf5 Bb4 18. Rad1 Rfd8 19. f4 Ng6 20. g3 Ra7
21. Rfe1 Re7 22. Rxe7 Nxe7 23. Bd3 a5 24. Nf3 h6 25. Kg2 Bc3 26. Nh4 Kf8 27.
Kh3 Kg7 28. Kg4 Rd6 29. Bf5 Rc6 30. a4 Rc5 31. Bd3 Rc6 32. Bf5 Rc5 33. Kf3 Rc7
34. Rd3 d4 35. Be4 Rc5 36. Rd1 Kf8 37. Rg1 Bd2 38. Rg2 Be3 39. Bd3 Rc6 40. Bc4
Rc5 41. Ke4 f5+ 42. Kd3 Rc8 43. Ke2 Bc1 44. Kd1 Bb2 45. Re2 Rc5 46. Bd3 Bc3 47.
Kc1 Ba1 48. Kb1 Bc3 49. Ka2 Bb4 50. Nf3 Bc3 51. Re5 Rxe5 52. Nxe5 h5 53. Nd7+
Kg7 54. Nxb6 h4 55. gxh4 Bd2 56. Nc4 Bxf4 57. Nxa5 Bxh2 58. Nc4 f4 59. Ne5 Bg3
60. Nf3 Bf2 61. a5 Nd5 62. a6 Kf6 63. Ka3 Ke7 64. a7 Nb6 65. h5 Be3 66. h6 Kf8
67. Kb4 Bc1 68. Kc5 1-0

[Event "Offene Hessische Senioren Einzelmeisters"]
[Site "Bad Sooden- Allendorf"]
[Date "2013.04.27"]
[Round "8.5"]
[White "Hottes, Dieter"]
[Black "Van Oosten, Arend"]
[Result "1/2-1/2"]
[WhiteElo "2118"]
[BlackElo "2136"]
[Annotator ",Microsoft"]
[PlyCount "55"]
[EventDate "2013.??.??"]
[WhiteTeam "Stuttgarter SF 1879"]
[BlackTeam "Utrecht"]

1. d4 Nc6 2. Nf3 d5 3. e3 Bg4 4. c4 e6 5. Nc3 Nf6 6. Be2 Be7 7. O-O O-O 8. b3
Re8 9. Bb2 Bf8 10. Rc1 Ne7 11. Ne5 Bxe2 12. Qxe2 Nd7 13. Rfe1 c6 14. e4 Ng6 15.
Nf3 a6 16. g3 Qa5 17. Kg2 dxe4 18. Qxe4 Nf6 19. Qc2 Qh5 20. Ne4 Nxe4 21. Qxe4
Rad8 22. Ne5 Nxe5 23. Qxe5 Qxe5 24. dxe5 Bc5 25. f4 Kf8 26. Kf3 h5 $11 27. Ke4
Ke7 28. h3 1/2-1/2

[Event "Offene Hessische Senioren Einzelmeisters"]
[Site "Bad Sooden- Allendorf"]
[Date "2013.04.27"]
[Round "8.6"]
[White "Haselhorst, Helmut"]
[Black "Ghijsen, Pim"]
[Result "1/2-1/2"]
[WhiteElo "2003"]
[BlackElo "2161"]
[PlyCount "28"]
[EventDate "2013.??.??"]
[WhiteTeam "SK Ostbevern/Westbevern"]
[BlackTeam "VAS Amsterdam"]

1. d4 d5 2. Nf3 Nf6 3. c4 c6 4. Nc3 a6 5. cxd5 cxd5 6. Bf4 Nc6 7. e3 e6 8. Bd3
Be7 9. Ne5 Bd7 10. O-O O-O 11. Nxc6 Bxc6 12. Qe2 Rc8 13. Rfc1 Qd7 14. Rc2 b5
1/2-1/2

[Event "Offene Hessische Senioren Einzelmeisters"]
[Site "Bad Sooden- Allendorf"]
[Date "2013.04.27"]
[Round "8.7"]
[White "Lindner, Jan-Joost"]
[Black "Szenetra, Werner"]
[Result "0-1"]
[WhiteElo "2159"]
[BlackElo "2022"]
[PlyCount "40"]
[EventDate "2013.??.??"]
[WhiteTeam "DD Den Haag"]
[BlackTeam "SV Berenbostel"]

1. b4 e5 2. a3 d6 3. Bb2 Nd7 4. e3 g6 5. Nf3 Bg7 6. c4 Ne7 7. Be2 O-O 8. Nc3 h6
9. d4 b6 10. dxe5 dxe5 11. Qc2 Bb7 12. Rd1 Qe8 13. O-O c5 14. Nb5 Nf5 15. Bd3
Bxf3 16. gxf3 Nh4 17. Be4 Nf6 18. Kh1 Nxe4 19. Qxe4 Nxf3 20. Rb1 Nd2 0-1

[Event "Offene Hessische Senioren Einzelmeisters"]
[Site "Bad Sooden- Allendorf"]
[Date "2013.04.27"]
[Round "8.8"]
[White "Happel, Henk"]
[Black "Holscher, Peter"]
[Result "1-0"]
[WhiteElo "2146"]
[BlackElo "2005"]
[PlyCount "57"]
[EventDate "2013.??.??"]
[WhiteTeam "Discendo Discimus"]
[BlackTeam "Caissa Hoorn"]

1. d4 Nf6 2. c4 e6 3. Nc3 Bb4 4. Nf3 b6 5. Bg5 Bb7 6. e3 O-O 7. Bd3 h6 8. Bh4
d6 9. O-O Bxc3 10. bxc3 Nbd7 11. Nd2 c5 12. f4 Qc7 13. e4 d5 14. cxd5 exd5 15.
e5 Ne4 16. Rc1 Rac8 17. Nxe4 dxe4 18. Bc4 cxd4 19. cxd4 Qb8 20. Be7 Rxc4 21.
Rxc4 Ba6 22. Bd6 Qd8 23. Rc7 Bxf1 24. Qxf1 Nb8 25. Rb7 Nc6 26. d5 Nd4 27. Rb8
Qxd6 28. exd6 Rxb8 29. Qc4 1-0

[Event "Offene Hessische Senioren Einzelmeisters"]
[Site "Bad Sooden- Allendorf"]
[Date "2013.04.27"]
[Round "8.9"]
[White "Van Dongen, Rob"]
[Black "Weidlich, Günter"]
[Result "0-1"]
[WhiteElo "1839"]
[BlackElo "2116"]
[PlyCount "80"]
[EventDate "2013.??.??"]
[WhiteTeam "VAS Amsterdam"]
[BlackTeam "SV Dresden-Leuben"]

1. d4 Nf6 2. c4 c5 3. d5 b5 4. cxb5 a6 5. bxa6 Bxa6 6. Nc3 d6 7. g3 g6 8. Bg2
Bg7 9. Nf3 O-O 10. Rb1 Nbd7 11. O-O Qa5 12. Bd2 Rfb8 13. b3 Bb7 14. h3 Ne8 15.
Qc2 Bxc3 16. Bxc3 Qxa2 17. Qd1 Qa7 18. Qd2 Bc8 19. e4 f6 20. Kh2 Qa2 21. Rfd1
Qxd2 22. Rxd2 Ra3 23. Rdb2 Ba6 24. Ne1 c4 25. Bf1 Nc5 26. Nc2 Raxb3 27. Bb4
Rxb2 28. Rxb2 Nxe4 29. Ra2 Bb5 30. Nd4 Kf8 31. f3 Ng5 32. Bd2 c3 33. Bxg5 Bxf1
34. Bc1 Nc7 35. Ne6+ Nxe6 36. dxe6 Bc4 37. Rc2 Rb3 38. Ra2 Bxe6 39. Bh6+ Kf7
40. Ra8 Bd5 0-1

[Event "Offene Hessische Senioren Einzelmeisters"]
[Site "Bad Sooden- Allendorf"]
[Date "2013.04.27"]
[Round "8.10"]
[White "Haubt, Georg"]
[Black "Villing, Dieter"]
[Result "1-0"]
[WhiteElo "2115"]
[BlackElo "1987"]
[PlyCount "85"]
[EventDate "2013.??.??"]
[WhiteTeam "SV Oberursel"]
[BlackTeam "SK 1962 Ladenburg"]

1. e4 c5 2. Nf3 Nf6 3. e5 Nd5 4. d4 cxd4 5. Qxd4 e6 6. Bg5 Qa5+ 7. Bd2 Qc7 8.
c4 Nc6 9. Qe4 f5 10. Qe2 Ndb4 11. Bc3 Na6 12. a3 Nc5 13. b4 Nb3 14. g4 fxg4 15.
Nfd2 Nxa1 16. Bxa1 b6 17. Bg2 Bb7 18. O-O O-O-O 19. Rc1 Be7 20. c5 bxc5 21.
bxc5 Rhf8 22. Ne4 Kb8 23. Nd6 Bxd6 24. exd6 Qa5 25. Qe3 Qa4 26. Bxg7 Rf7 27.
Bh6 Rg8 28. Nd2 Qd4 29. Qe2 Qa4 30. Rb1 Ka8 31. Qe3 Rb8 32. Ne4 Ba6 33. Qc1
Rxb1 34. Qxb1 Qb5 35. Qa1 Qe2 36. Nf6 Bb7 37. Be3 a6 38. Ne8 Rf3 39. Nc7+ Ka7
40. Qb1 Kb8 41. Bf1 Rxe3 42. Bxe2 Rxe2 43. Kf1 1-0